000 00615nam a22001937a 4500
999 _c172229
_d172229
005 20200129172602.0
010 _aA-276912
020 _c25.00
_a-
035 _aA-276912
037 _bDBAD/PUB
_a-
082 _a847
100 _aفکر تو نسو ی
245 _aفکر با نی:طنز يہ مضا مين
_cفکر تو نسو ی
246 _bFikr -e-Bani (Urdu)
_aby Fikr Tonasvi
260 _aN.Delhi
_bAhluwalia book Depot
_c1985 ء
270 _a9988,New Rohtak Road,Post Box no.2507,
_bN.Delhi
_e110005
_k-
_l-
300 _a240 ص
_c22 Cm(Hb)
942 _2ddc
_cUR
_h847
_mف ک ر